[Event "Master Open"]
[Site "Voronezh"]
[Date "2017.06.12"]
[Round "1.8"]
[White "Vaishali, R"]
[Black "Bocharov, Dmitry"]
[Result "*"]
[WhiteElo "2312"]
[BlackElo "2579"]
[Annotator ""]
[Source ""]
[Remark ""]

1.Nf3 c5 2.e4 e6 3.d4 cxd4 4.Nxd4 a6 5.Be2 Nf6 6.Nc3 Qc7 7.O-O
d6 8.f4 Nbd7 9.a4 b6 10.Bf3 Bb7 11.Qe2 e5 12.Nd5 Nxd5 13.exd5
g6 14.Nc6 Bg7 15.fxe5 Nxe5 16.Nxe5 Bxe5 17.Bh6 O-O-O 18.Be3 Bxb2
19.Ra2 Bc3 20.Rb1 Rhe8 21.Qd3 Rxe3 22.Qxe3 Qc4 23.Kh1 Bd4 24.Qb3
Qxb3 25.cxb3 Re8 26.Re2 Be5 27.g3 Kd8 28.Kg2 f5 29.h4 Re7 30.Rc1
a5 31.Rd2 h6 32.Rc4 g5 33.hxg5 hxg5 34.Kf2 Rh7 35.Bg2 Rf7 36.Rd1
f4 37.g4 Bb2 38.Be4 Re7 39.Kf3 Ba3 40.Rh1 Bc5 41.Rh8+ Kc7 42.Rc2
b5 43.Rch2 bxa4 44.bxa4 Ba6 45.R2h7 Rxh7 46.Rxh7+ Kb6 47.Rg7
Bc4 48.Rxg5 Bb3 49.Rg8 Bxa4 50.g5 Bd1+ 51.Kxf4 Bd4 *

[Event "Master Open"]
[Site "Voronezh"]
[Date "2017.06.12"]
[Round "1.11"]
[White "Timofeev, Artyom"]
[Black "Tomilova, Elena"]
[Result "1-0"]
[WhiteElo "2561"]
[BlackElo "2303"]
[Annotator ""]
[Source ""]
[Remark ""]

1.e4 e6 2.d4 d5 3.Nd2 c5 4.exd5 Qxd5 5.dxc5 Nf6 6.Ngf3 Qxc5 7.Bd3
Qc7 8.Ne4 Nxe4 9.Bxe4 Nd7 10.Qd4 Nf6 11.Bd3 Bc5 12.Qh4 Be7 13.Bg5
Bd7 14.O-O h6 15.Rfe1 Rg8 16.Bd2 O-O-O 17.Bf4 Bd6 18.Bxd6 Qxd6
19.Ne5 Be8 20.a4 g5 21.Qxh6 Nd5 22.a5 f6 23.Nc4 Qc7 24.Ne3 Nf4
25.Qxf6 Bc6 26.Bf1 Rdf8 27.Qd4 Qh7 28.a6 Rh8 29.axb7+ Kc7 30.b8Q+
Kxb8 31.Qd6+ Qc7 32.Qxc7+ Kxc7 33.Rxa7+ Kb8 34.Rg7 Rh5 35.f3
Rfh8 36.h3 Bb7 37.Rd1 Rf8 38.Ng4 Nd5 39.c4 Nb4 40.Rd6 Nc6 41.b4
e5 42.b5 Nd4 43.Rb6 1-0

[Event "Master Open"]
[Site "Voronezh"]
[Date "2017.06.12"]
[Round "1.13"]
[White "Rychagov, Andrey"]
[Black "Obolentseva, Alexandra"]
[Result "1/2-1/2"]
[WhiteElo "2556"]
[BlackElo "2283"]
[Annotator ""]
[Source ""]
[Remark ""]

1.d4 Nf6 2.c4 g6 3.g3 Bg7 4.Bg2 O-O 5.Nc3 d6 6.Nf3 Nbd7 7.O-O
e5 8.h3 a6 9.Qc2 exd4 10.Nxd4 Ne5 11.Nd5 c5 12.Nb3 Nxd5 13.cxd5
b5 14.a4 Bd7 15.axb5 axb5 16.Bd2 Nc4 17.Bc3 Bxc3 18.Qxc3 Qe7
19.e3 Nb6 20.Na5 b4 21.Qc1 Bb5 22.Rd1 Ba4 23.Nc6 Qc7 24.Rd2 Bxc6
25.dxc6 Rxa1 26.Qxa1 Nc4 27.Rd1 Ne5 28.h4 Nxc6 29.Qa6 Ne5 30.Qxd6
Qxd6 31.Rxd6 c4 32.Be4 Rc8 33.Rd5 Ng4 34.Rd4 Nf6 35.Bb1 b3 36.Kf1
Rc5 37.Ke2 Nd5 38.Kd2 Kg7 39.Be4 Nb4 40.Rd7 Re5 41.f3 Kg8 42.Rc7
f5 43.Bb7 Nd5 44.f4 Nxc7 45.fxe5 Kf7 46.Kc3 Ke6 47.Kxc4 Kxe5
48.Kxb3 Ne8 49.Bf3 h6 50.Kc4 Kd6 51.b4 Nf6 52.b5 Nd7 53.Kd4 g5
54.hxg5 hxg5 55.Bh5 Nc5 56.Bf7 Ne4 57.g4 Ng3 58.gxf5 Nxf5+ 59.Ke4
g4 60.Kf4 Ke5 61.Ke4 1/2-1/2

[Event "Master Open"]
[Site "Voronezh"]
[Date "2017.06.12"]
[Round "1.14"]
[White "Anchutin, Nikita"]
[Black "Tran, Tuan Minh"]
[Result "1/2-1/2"]
[WhiteElo "2282"]
[BlackElo "2541"]
[Annotator ""]
[Source ""]
[Remark ""]

1.d4 Nf6 2.Nf3 e6 3.c4 b6 4.g3 Bb7 5.Bg2 Be7 6.O-O O-O 7.Nc3
Ne4 8.Bd2 c5 9.d5 exd5 10.cxd5 Nxd2 11.Nxd2 d6 12.a4 Na6 13.e4
Bf6 14.Nc4 Nc7 15.Re1 Ba6 16.Na3 Qd7 17.Qb3 g6 18.Ncb5 Bxb5 19.axb5
Rfe8 20.Bf1 Re7 21.Nb1 Ne8 22.Nd2 Rb8 23.Kg2 Bg7 24.Bd3 Nf6 25.f4
h5 26.Nf3 Rbe8 27.Qc2 Qc8 28.Qc4 Qb7 29.Re2 Kh8 30.Rae1 Qd7 31.b3
Kg8 32.Qc2 Qb7 33.Bc4 Kf8 34.Qd3 Ng4 35.h3 Nh6 36.Qc2 Qb8 37.Qd3
Qb7 38.Kh2 Qd7 39.Re3 Kg8 40.R3e2 Kh8 41.e5 Qd8 42.e6 f5 43.Kg2
Bf6 1/2-1/2

[Event "Master Open"]
[Site "Voronezh"]
[Date "2017.06.18"]
[Round "6.42"]
[White "Domogaev, Sergey"]
[Black "Varshini, V"]
[Result "1-0"]
[WhiteElo "2411"]
[BlackElo "2050"]
[Annotator ""]
[Source ""]
[Remark ""]

1.b3 e5 2.Bb2 Nc6 3.e3 Nf6 4.c4 Be7 5.d3 d5 6.cxd5 Nxd5 7.a3
a5 8.Nf3 f6 9.Be2 O-O 10.O-O Be6 11.Nbd2 Bc5 12.Ne4 Ba7 13.Qc2
Kh8 14.Rfe1 Qe8 15.Rab1 f5 16.Nc5 Bc8 17.Bf1 Qe7 18.Rbc1 Rf6
19.Qc4 Nb6 20.Qh4 Qe8 21.Kh1 Rh6 22.Qg5 Rg6 23.Qh5 Qe7 24.e4
Rh6 25.Qg5 Qxg5 26.Nxg5 Kg8 27.Nf3 Nd7 28.d4 Bxc5 29.dxc5 fxe4
30.Rxe4 Nf6 31.Bc4+ Kf8 32.Re2 Bg4 33.Re3 Bxf3 34.Rxf3 Nd4 35.Re3
Ng4 36.Bxd4 exd4 37.Rf3+ Rf6 38.Rxf6+ Nxf6 39.Rd1 Rd8 40.Kg1
Ne4 41.b4 axb4 42.axb4 Nc3 43.Rd2 Ke7 44.f4 Kf6 45.g3 h6 46.Kg2
b5 47.Bb3 d3 48.Kf3 Nb1 49.Rd1 Nc3 50.Rd2 Nb1 51.Rb2 Na3 52.Ra2
d2 53.Ke2 Nb1 54.Ra6+ Ke7 55.Re6+ Kf8 56.Re3 Rd4 57.Bc2 Rxb4
58.Bg6 Nc3+ 59.Kxd2 Nb1+ 60.Kc1 1-0

[Event "Master Open"]
[Site "Voronezh"]
[Date "2017.06.18"]
[Round "6.43"]
[White "Sadovsky, Artem"]
[Black "Avalyan, Artur"]
[Result "0-1"]
[WhiteElo "2407"]
[BlackElo "2249"]
[Annotator ""]
[Source ""]
[Remark ""]

1.c4 Nf6 2.g3 e6 3.Bg2 d5 4.Nf3 Be7 5.O-O O-O 6.d4 dxc4 7.Qa4
a6 8.Qxc4 b5 9.Qc2 Bb7 10.Nbd2 Nbd7 11.Ne5 Bxg2 12.Kxg2 Nxe5
13.dxe5 Nd5 14.Nf3 c5 15.Qe4 Qc7 16.h4 Qc6 17.Rh1 f5 18.exf6
Bxf6 19.h5 Rad8 20.Qg4 Nb4 21.h6 g6 22.Bg5 Rd4 23.Bf4 e5 24.e3
Re4 25.Rad1 exf4 26.gxf4 Qe6 27.Qg3 Qxa2 28.Rd7 Re7 29.Rd6 Qxb2
30.Rhd1 c4 31.R1d2 Qc3 32.Qg4 Nd3 33.f5 g5 34.Nxg5 Kh8 35.Ne4
Rxe4 36.Qxe4 Qxd2 37.Rxf6 Rg8+ 38.Rg6 Qxf2+ 39.Kh3 hxg6 40.fxg6
Qf1+ 41.Kh2 Qh3+ 0-1

[Event "Master Open"]
[Site "Voronezh"]
[Date "2017.06.18"]
[Round "6.44"]
[White "Karpenko, Artem"]
[Black "Krivtsov, Alexander"]
[Result "0-1"]
[WhiteElo "2404"]
[BlackElo "2240"]
[Annotator ""]
[Source ""]
[Remark ""]

1.d4 Nf6 2.c4 c5 3.d5 b5 4.cxb5 a6 5.e3 e6 6.Nc3 exd5 7.Nxd5
Bb7 8.Nxf6+ Qxf6 9.Nf3 Be7 10.Be2 axb5 11.Bxb5 O-O 12.O-O d5
13.Be2 Rd8 14.Bd2 Nc6 15.Qc2 h6 16.Rfd1 Bc8 17.Ne1 Bd6 18.Bf3
Bf5 19.Qc1 Rac8 20.Bxd5 Qe5 21.Bc3 Qxh2+ 22.Kf1 Qh1+ 23.Ke2 Nd4+
24.Bxd4 cxd4 25.Qd2 dxe3 26.fxe3 Bg4+ 27.Bf3 Bxf3+ 28.gxf3 Be7
29.Qa5 Rc2+ 30.Rd2 Rcxd2+ 31.Qxd2 Qh2+ 0-1

[Event "Master Open"]
[Site "Voronezh"]
[Date "2017.06.18"]
[Round "6.45"]
[White "Zherebtsova, Alexandra"]
[Black "Panchenko, Dmitry"]
[Result "1/2-1/2"]
[WhiteElo "2231"]
[BlackElo "2371"]
[Annotator ""]
[Source ""]
[Remark ""]

1.d4 d5 2.Nf3 Nf6 3.c4 e6 4.cxd5 exd5 5.Bg5 c6 6.Nc3 Be7 7.Qc2
g6 8.e3 Bf5 9.Bd3 Bxd3 10.Qxd3 Nbd7 11.O-O O-O 12.a3 a5 13.Rac1
Re8 14.Nd2 Qb6 15.Na4 Qa6 16.Qxa6 Rxa6 17.Rc2 Bd6 18.Bxf6 Nxf6
19.Nb3 Nh5 20.h4 f5 21.g3 Nf6 22.Kg2 Kf7 23.Nac5 Ra7 24.Nd3 Nd7
25.Nd2 Nb6 26.Re1 Raa8 27.f4 Kg7 28.Ne5 a4 29.Ndf3 Be7 30.Kf2
Nc8 31.Nd3 Nd6 32.Nc5 Bf6 33.Ne5 Re7 34.Ncd7 Bxe5 35.Nxe5 Ra5
36.Rh1 Ne4+ 37.Kf3 h5 38.Rd1 Rb5 39.Kg2 Rb3 40.Kf3 Re8 41.Rg2
Ra8 42.Rd3 Rb5 43.Rc2 Ra6 44.Nd7 Kf7 45.Kg2 Nd6 46.Rdd2 Kg7 47.Ne5
Ra7 48.Re2 Nc4 49.Kf3 Kf6 50.Nd7+ Kg7 51.Nc5 Kf7 52.Nd7 Nd6 53.Ne5+
Kg7 54.Nd7 Ne4 55.Ne5 Rb3 56.Kg2 Ra5 57.Kh2 Rab5 58.Kg2 Nd6 59.Kf2
Ne4+ 60.Kg2 Nd6 61.Kf2 1/2-1/2

[Event "Master Open"]
[Site "Voronezh"]
[Date "2017.06.18"]
[Round "6.46"]
[White "Gurvich, Vitaly"]
[Black "Mendonca, Leon Luke"]
[Result "1-0"]
[WhiteElo "2345"]
[BlackElo "2174"]
[Annotator ""]
[Source ""]
[Remark ""]

1.d4 Nf6 2.c4 e6 3.Nf3 c5 4.d5 exd5 5.cxd5 d6 6.Nc3 g6 7.Bf4
a6 8.e4 Bg7 9.Qa4+ Bd7 10.Qb3 Bc8 11.a4 O-O 12.Be2 Re8 13.Nd2
Qe7 14.O-O Nbd7 15.Rfe1 Ne5 16.Bg3 Nh5 17.Bxh5 gxh5 18.Nc4 Nxc4
19.Qxc4 h4 20.Bf4 h3 21.Re3 b5 22.Qe2 b4 23.Nd1 Kh8 24.Qh5 hxg2
25.Bg3 Bd7 26.Re2 f5 27.Ne3 Qxe4 28.Rae1 Qd3 29.Bxd6 c4 30.Bxb4
f4 31.Nxc4 Rxe2 32.Qxe2 Qxe2 33.Rxe2 f3 34.Re3 Rc8 35.b3 Bg4
36.h3 Bxh3 37.Rxf3 Bd7 38.Nb6 Rc1+ 39.Kxg2 Bg4 40.Rd3 Bf5 41.Rd2
Rb1 42.Bc5 Rxb3 43.f3 Kg8 44.d6 Rb2 45.Rxb2 Bxb2 46.d7 Bf6 47.Nd5
Bd8 48.Bb6 Bxd7 49.Bxd8 Bxa4 50.Kg3 Kf7 51.f4 Bb3 52.Nb4 Bc4
53.f5 Be2 54.Kf4 Bc4 55.Nc6 Bb3 56.Ne5+ Ke8 57.Ba5 Ba2 58.Kg5
Bb3 59.Bb4 Ba2 60.Kh6 Bb3 61.f6 Ba2 62.Kxh7 Bb3 63.Kg7 Ba2 64.Nc6
Bb3 65.Nb8 Ba2 66.Nxa6 Bb3 67.Nc5 Ba2 68.Ne4 Bb3 69.Nd6+ Kd7
70.f7 Bxf7 71.Kxf7 Kc6 72.Ke6 Kc7 73.Kd5 Kb6 74.Bc5+ Kc7 75.Ne4
Kb7 76.Nd6+ Kc7 77.Nb5+ Kb7 78.Kd6 Ka6 79.Kc6 Ka5 80.Nc3 Ka6
81.Bb4 Ka7 82.Nb5+ Ka6 83.Nc7+ Ka7 84.Bc5+ Kb8 85.Bd4 Kc8 86.Ba7
Kd8 87.Nd5 Ke8 88.Kd6 Kf7 89.Ke5 Kg6 90.Kf4 Kh5 1-0

[Event "Master Open"]
[Site "Voronezh"]
[Date "2017.06.18"]
[Round "6.47"]
[White "Bykov, Egor"]
[Black "Shaydullina, Sandugach"]
[Result "1-0"]
[WhiteElo "2332"]
[BlackElo "2217"]
[Annotator ""]
[Source ""]
[Remark ""]

1.d4 d5 2.c4 dxc4 3.Nf3 Nf6 4.e3 e6 5.Bxc4 c5 6.O-O cxd4 7.exd4
Nc6 8.Nc3 Be7 9.Bf4 O-O 10.a3 b6 11.Rc1 Bb7 12.Qd3 Na5 13.Ba2
Nd5 14.Be5 Nxc3 15.Rxc3 Nc6 16.Bg3 Bf6 17.Rd1 g6 18.Qe2 Ne7 19.Bc7
Qe8 20.Be5 Bxe5 21.dxe5 Nd5 22.Bxd5 Bxd5 23.Nd4 a6 24.Nc2 Rd8
25.Ne3 Bb7 26.Ng4 Qa4 27.Rdc1 Kg7 28.Nf6 Qf4 29.Rc4 Qg5 30.f4
Qf5 31.Qf2 b5 32.R4c3 h5 33.h3 Rh8 34.Rc7 Rc8 35.Qa7 Rxc7 36.Rxc7
Rd8 37.Qf2 Ba8 38.Kh2 Rf8 39.Qg3 Rh8 40.h4 Rd8 41.Qf2 Rf8 42.Qd4
Kh6 43.Kg3 Qb1 44.Qd2 Kg7 45.Rd7 Bc6 46.Rd6 Bb7 47.Kh2 Qf1 48.Kg3
Qb1 49.Rd3 Qf1 50.Rd7 Bc6 51.Rd6 Bb7 52.Qf2 Qc1 53.Kh2 Rc8 54.Rd2
a5 55.Qd4 Qe1 56.Rf2 b4 57.axb4 axb4 58.Qd2 Qxd2 59.Rxd2 b3 60.Rd7
Ba6 61.Rd6 Be2 62.Rb6 Bd1 63.Kg3 Rd8 64.Rd6 Rxd6 65.Ne8+ Kf8
66.Nxd6 Ke7 67.Kf2 Bc2 68.Ke3 f6 69.Kd4 fxe5+ 70.fxe5 Kd7 71.Kc5
Ke7 72.Nb5 Kd7 73.Nd4 Bd1 74.Kc4 Bc2 75.Nxb3 Bf5 76.Kc5 g5 77.hxg5
h4 78.Nd2 Bg4 79.b4 h3 80.gxh3 Bxh3 81.b5 Bg2 82.Nc4 Ke7 83.Nd6
Kd7 84.b6 Ke7 85.b7 Bxb7 86.Nxb7 Kf7 87.Kd6 Kg6 88.Kxe6 Kxg5
89.Kf7 1-0

[Event "Master Open"]
[Site "Voronezh"]
[Date "2017.06.18"]
[Round "6.48"]
[White "Arjun, Kalyan"]
[Black "Sakorenko, Adriana"]
[Result "1-0"]
[WhiteElo "2322"]
[BlackElo "2140"]
[Annotator ""]
[Source ""]
[Remark ""]

1.e4 e6 2.d4 d5 3.Nc3 Nf6 4.Bg5 Be7 5.e5 Nfd7 6.Bxe7 Qxe7 7.f4
a6 8.Nf3 c5 9.dxc5 Nc6 10.Bd3 Qxc5 11.Qd2 b5 12.a3 Bb7 13.b4
Qb6 14.Ne2 Rc8 15.c3 O-O 16.Ned4 Qc7 17.O-O Nb6 18.Qf2 Nxd4 19.cxd4
g6 20.Qh4 Kg7 21.g4 Qd8 22.Qh3 Rh8 23.f5 Rc3 24.Rad1 Bc8 25.Qg3
Nc4 26.Qf4 Nb2 27.Rc1 Rxc1 28.f6+ Kg8 29.Rxc1 h5 30.Bb1 Nc4 31.Rc3
Qf8 32.Ng5 Qh6 33.Rh3 h4 34.Rc3 Kf8 35.Nh3 Qxf4 36.Nxf4 Ke8 37.g5
Kd7 38.Kg2 1-0

[Event "Master Open"]
[Site "Voronezh"]
[Date "2017.06.18"]
[Round "6.49"]
[White "Tomilova, Elena"]
[Black "Kharmunova, Nadezhda"]
[Result "0-1"]
[WhiteElo "2303"]
[BlackElo "2137"]
[Annotator ""]
[Source ""]
[Remark ""]

1.d4 Nf6 2.Bg5 g6 3.Bxf6 exf6 4.e3 d5 5.c4 c6 6.Nc3 Be6 7.Qb3
dxc4 8.Bxc4 Bxc4 9.Qxc4 Nd7 10.Nge2 Bd6 11.Ne4 Be7 12.O-O O-O
13.Rfd1 f5 14.Nc5 Nxc5 15.dxc5 Qc7 16.Nd4 Qe5 17.Rac1 Rad8 18.b4
Bf6 19.Rd3 f4 20.Nf3 Qb2 21.Rd6 fxe3 22.fxe3 Be7 23.Rd4 Rxd4
24.exd4 Bf6 25.Rf1 Bg7 26.Kh1 h6 27.h3 Rd8 28.Re1 Bf6 29.Ne5
Rd5 30.Ng4 Qxd4 31.Qf1 Kg7 32.Re8 Rf5 33.Qe1 Bh4 34.Qe2 Bg3 35.Ne3
Qa1+ 36.Nd1 Rd5 37.Qb2+ Qxb2 38.Nxb2 Rd2 39.Re3 Bf4 40.Re4 g5
41.g3 Bxg3 42.Nc4 Rxa2 43.Na5 f5 44.Re7+ Kg6 45.Nc4 f4 46.Ne5+
Kf5 47.Nf3 Rf2 48.Nd4+ Kg6 49.Re6+ Kh5 50.Nf5 Rh2+ 51.Kg1 Rxh3
52.Nxh6 f3 53.Nf5 Bf4 54.Rf6 Bd2 55.Kf2 g4 56.Ng3+ Kh4 57.Ne4
Rh2+ 58.Kg1 Re2 59.Nd6 Re1+ 60.Kf2 g3+ 61.Kxf3 Rf1+ 0-1

[Event "Master Open"]
[Site "Voronezh"]
[Date "2017.06.18"]
[Round "6.50"]
[White "Rjabzev, Konstantin"]
[Black "Harshini, A"]
[Result "1/2-1/2"]
[WhiteElo "2278"]
[BlackElo "2000"]
[Annotator ""]
[Source ""]
[Remark ""]

1.Nf3 Nf6 2.g3 g6 3.Bg2 Bg7 4.O-O O-O 5.d3 d5 6.Nbd2 c5 7.e4
Nc6 8.h3 e5 9.exd5 Nxd5 10.Re1 Re8 11.Ne4 b6 12.Bg5 f6 13.Bd2
Bb7 14.h4 f5 15.Nc3 Nd4 16.h5 Qd7 17.hxg6 hxg6 18.Nh4 Kf7 19.Nxd5
Bxd5 20.c3 Ne6 21.g4 f4 22.Nf3 Rad8 23.c4 Bxf3 24.Qxf3 Qxd3 25.Qxd3
Rxd3 26.Bc3 Rh8 27.Rad1 Rxd1 28.Rxd1 Nd4 29.Bxd4 exd4 30.Re1
Rd8 31.g5 Re8 32.Rxe8 Kxe8 33.Be4 Kf7 34.Kg2 d3 35.Bxd3 Bxb2
36.Kf3 Bc1 37.a4 Bd2 38.Bc2 Be1 39.Bd3 a6 40.Be4 Bd2 41.Bb7 1/2-1/2

[Event "Master Open"]
[Site "Voronezh"]
[Date "2017.06.18"]
[Round "6.51"]
[White "Gasanov, Zaur"]
[Black "Rakshitta, Ravi"]
[Result "1-0"]
[WhiteElo "2264"]
[BlackElo "1910"]
[Annotator ""]
[Source ""]
[Remark ""]

1.Nf3 Nf6 2.g3 g6 3.Bg2 Bg7 4.O-O O-O 5.d4 d6 6.b3 a5 7.Bb2 Nfd7
8.c4 e5 9.dxe5 Nc6 10.Qd2 Ncxe5 11.Nc3 a4 12.Rad1 Nxf3+ 13.Bxf3
axb3 14.axb3 Nc5 15.Qc2 Bf5 16.e4 Be6 17.Bg2 f5 18.f4 fxe4 19.Nxe4
Nxe4 20.Bxg7 Kxg7 21.Qxe4 Bf5 22.Qxb7 Ra2 23.Rfe1 Rf7 24.Qd5
Re7 25.Qd4+ Kh6 26.Bf3 c5 27.Qc3 Rc2 28.Qa1 Qe8 29.Rxe7 Qxe7
30.Re1 Ra2 31.Qd1 Qf6 32.g4 Qc3 33.gxf5 Rd2 34.Qc1 Qd4+ 35.Kh1
Qxf4 36.Bg2 Qg5 37.Bd5 Qf4 38.Re2 g5 39.Rxd2 1-0

[Event "Master Open"]
[Site "Voronezh"]
[Date "2017.06.18"]
[Round "6.52"]
[White "Bezgodova, Svetlana"]
[Black "Klimentov, Evgeny"]
[Result "0-1"]
[WhiteElo "2038"]
[BlackElo "2259"]
[Annotator ""]
[Source ""]
[Remark ""]

1.e4 c5 2.Nf3 e6 3.c3 d5 4.d3 Nf6 5.Nbd2 Nc6 6.Be2 Be7 7.O-O
O-O 8.Re1 b6 9.Bf1 Ba6 10.Qa4 Qc8 11.e5 Nd7 12.Qg4 Qc7 13.Qg3
Rfe8 14.a3 f6 15.b4 fxe5 16.Rb1 Bd6 17.Qh3 Bb7 18.bxc5 bxc5 19.d4
e4 20.Ng5 Nf8 21.dxc5 Bxc5 22.Qh5 Bd6 23.c4 h6 24.cxd5 exd5 25.Ndxe4
Nb4 26.Bd2 dxe4 27.Bxb4 Bxb4 28.Rxb4 hxg5 29.Bc4+ Re6 30.Rc1
Bd5 31.Qxg5 Bxc4 32.Rbxc4 Qe5 33.Qe3 Nd7 34.g3 a6 35.Qb3 Rb8
36.Qe3 Rb2 37.Rd1 Nf6 38.Rc5 Qb8 39.Rg5 Qb6 40.Rd4 Rb5 41.h4
Rd6 42.Rxd6 Qxd6 43.Qa7 Qd1+ 44.Kh2 Rxg5 45.hxg5 Ng4+ 46.Kh3
Qf3 47.Kh4 Nxf2 48.Qa8+ Kh7 49.g6+ Kxg6 50.Qxa6+ Kh7 51.Qe6 e3
52.Kg5 Ne4+ 0-1

[Event "Master Open"]
[Site "Voronezh"]
[Date "2017.06.18"]
[Round "6.53"]
[White "Schepetkova, Margarita"]
[Black "Krithigga, K"]
[Result "1/2-1/2"]
[WhiteElo "2252"]
[BlackElo "1836"]
[Annotator ""]
[Source ""]
[Remark ""]

1.d4 d5 2.c4 e6 3.Nc3 Nf6 4.cxd5 exd5 5.Bg5 Be7 6.e3 O-O 7.Bd3
Nbd7 8.Nf3 c6 9.Qc2 Re8 10.h3 Nf8 11.O-O g6 12.Bxf6 Bxf6 13.b4
a6 14.a4 Be6 15.b5 cxb5 16.axb5 a5 17.Qb3 b6 18.Rac1 Qd6 19.Na4
Rec8 20.Ne5 Bxe5 21.dxe5 Qxe5 22.Nxb6 Rxc1 23.Rxc1 Rb8 24.Na4
Qg5 25.Qb2 Bxh3 26.f4 Qg3 27.Qf2 Qxf2+ 28.Kxf2 Be6 29.Rc6 Nd7
30.b6 Kf8 31.Ba6 Ke7 32.b7 Rd8 33.Rc8 Nb8 34.Nc5 a4 35.Nxe6 fxe6
36.Bb5 a3 37.Rc3 a2 38.Ra3 Rd6 39.Rxa2 Rb6 40.Ra5 Rxb7 41.Kf3
Kf6 42.g4 h6 43.e4 dxe4+ 44.Kxe4 g5 45.fxg5+ hxg5 46.Ke3 Nd7
47.Bxd7 Rxd7 48.Ke4 Rb7 49.Kf3 Rb3+ 50.Kf2 Rd3 51.Rb5 Rd5 52.Rb8
Ke5 53.Ke3 Ra5 54.Rb3 Ra4 55.Rb5+ Kf6 56.Kf3 Ra3+ 57.Kf2 Rd3
58.Ra5 Rd5 59.Ra3 Ke5 60.Ke3 Rb5 61.Rc3 1/2-1/2

[Event "Master Open"]
[Site "Voronezh"]
[Date "2017.06.18"]
[Round "6.54"]
[White "Grigoryeva, Olga A."]
[Black "Anchutin, Nikita"]
[Result "1/2-1/2"]
[WhiteElo "2204"]
[BlackElo "2282"]
[Annotator ""]
[Source ""]
[Remark ""]

1.c4 c6 2.e4 d5 3.exd5 cxd5 4.cxd5 Nf6 5.Nc3 Nxd5 6.Nf3 Nc6 7.d4
Bg4 8.Qb3 Bxf3 9.gxf3 e6 10.Qxb7 Nxd4 11.Bb5+ Nxb5 12.Qc6+ Ke7
13.Qxb5 Qd7 14.Nxd5+ Qxd5 15.Qxd5 exd5 16.Be3 Ke6 17.O-O Bb4
18.Rac1 Rhc8 19.Rxc8 Rxc8 20.a3 Be7 21.Bxa7 Bf6 22.Re1+ Kd6 23.b4
Ra8 24.Bc5+ Kc6 25.Rc1 Kb5 26.Bd6 d4 27.Rc5+ Kb6 28.Bc7+ Kb7
29.Ba5 Bd8 30.Rd5 Bxa5 31.bxa5 Kc6 32.Rxd4 Rxa5 33.a4 Rf5 34.Kg2
h5 35.f4 Kc5 36.Re4 Kd6 37.Kf3 Rc5 38.Rb4 Rc2 39.Rb7 Ke6 40.Rb6+
Kf5 41.Rb5+ Kg6 42.a5 f6 43.h4 Ra2 44.f5+ Kh6 45.Rb8 Kh7 46.Ra8
Ra4 47.Kg3 Rg4+ 48.Kf3 Rxh4 49.a6 Ra4 50.a7 Ra3+ 51.Kg2 Ra4 52.Kg3
Ra5 1/2-1/2

[Event "Master Open"]
[Site "Voronezh"]
[Date "2017.06.18"]
[Round "6.55"]
[White "Smirnov, Alexander"]
[Black "Protopopova, Anastasiya"]
[Result "0-1"]
[WhiteElo "2423"]
[BlackElo "2123"]
[Annotator ""]
[Source ""]
[Remark ""]

1.e4 c6 2.d4 d5 3.e5 Bf5 4.Nf3 e6 5.Be2 Nd7 6.O-O Bg6 7.b3 Nh6
8.c4 Nf5 9.Nc3 Be7 10.g4 Nh6 11.Ne1 f6 12.cxd5 cxd5 13.f4 fxe5
14.f5 Bf7 15.fxe6 Bxe6 16.Bxh6 gxh6 17.g5 Bxg5 18.Bh5+ Ke7 19.Nf3
Rg8 20.Nxe5 Nxe5 21.dxe5 d4 22.Ne4 Qd5 23.Qd3 Be3+ 24.Kh1 Qxe5
25.Bf3 Bd5 26.Ng3 Rxg3 27.Qxh7+ Rg7 28.Qxg7+ Qxg7 29.Bxd5 Rf8 0-1

[Event "Master Open"]
[Site "Voronezh"]
[Date "2017.06.18"]
[Round "6.57"]
[White "Pshmahov, Osman"]
[Black "Iliushkin, Evgeny"]
[Result "0-1"]
[WhiteElo "2012"]
[BlackElo "2241"]
[Annotator ""]
[Source ""]
[Remark ""]

1.e4 c5 2.Nc3 e6 3.g3 Nc6 4.Bg2 g6 5.d3 Bg7 6.Be3 Nd4 7.Nge2
Ne7 8.O-O O-O 9.f4 d5 10.e5 Nxe2+ 11.Nxe2 d4 12.Bf2 Rb8 13.c3
b6 14.cxd4 cxd4 15.Nxd4 Qd7 16.Qb3 Rd8 17.Rac1 Bb7 18.Bxb7 Rxb7
19.Nb5 Nd5 20.Rc4 Bf8 21.Rcc1 Rc8 22.Rxc8 Qxc8 23.Nc3 Rd7 24.Ne4
Rc7 25.d4 Rc1 26.Rxc1 Qxc1+ 27.Kg2 Qc6 28.Qf3 Qc2 29.Nc3 Nb4
30.Qb7 Nd3 31.Ne4 Nxf2 32.Nxf2 Qxb2 33.Qxa7 Qxd4 34.Qa8 Qd2 35.Kf3
Kg7 36.Qb7 Bc5 37.Ne4 Qxh2 38.Nxc5 bxc5 39.Qc8 Qh1+ 40.Kf2 Qh2+
41.Kf3 Qh1+ 42.Kf2 Qd5 43.a4 c4 44.a5 Qd2+ 45.Kf3 c3 0-1

[Event "Master Open"]
[Site "Voronezh"]
[Date "2017.06.18"]
[Round "6.58"]
[White "Muromtsev, Arthur"]
[Black "Martynyuk, Elizaveta"]
[Result "1/2-1/2"]
[WhiteElo "2234"]
[BlackElo "2112"]
[Annotator ""]
[Source ""]
[Remark ""]

1.e4 c5 2.b3 d6 3.Bb2 Nf6 4.Bb5+ Nc6 5.Bxc6+ bxc6 6.d3 e5 7.Ne2
Be7 8.O-O O-O 9.Nd2 Nh5 10.f4 exf4 11.Nxf4 Nxf4 12.Rxf4 d5 13.Qe1
Bg5 14.Rf2 Bg4 15.Nf3 Bf6 16.e5 Be7 17.Qd2 h6 18.Re1 Qc8 19.Qc3
d4 20.Qa5 Qb7 21.Bc1 Qb6 22.Qd2 Bxf3 23.gxf3 Bg5 24.Qe2 Bxc1
25.Rxc1 Rae8 26.f4 Qd8 27.Qg4 Re6 28.Rg2 Rg6 29.Qf3 Rxg2+ 30.Kxg2
Qa5 31.Rf1 Qxa2 32.Rf2 Qa6 33.f5 Qc8 34.f6 Re8 35.Qg3 g6 36.Qf4
Kh7 37.h4 Rg8 38.Qe4 Qe6 39.Rf1 Kh8 40.Ra1 g5 41.h5 Qd7 42.Ra5
g4 43.Rxc5 Rg5 44.b4 Rf5 45.b5 cxb5 46.Qa8+ Kh7 47.Qf8 Qb7+ 48.Kg1
Rf1+ 49.Kxf1 Qf3+ 50.Ke1 Qe3+ 51.Kd1 Qg1+ 52.Kd2 Qe3+ 1/2-1/2

[Event "Master Open"]
[Site "Voronezh"]
[Date "2017.06.18"]
[Round "6.59"]
[White "Gutkovich, Polina"]
[Black "Shkurkin, Andrey"]
[Result "1/2-1/2"]
[WhiteElo "1904"]
[BlackElo "2229"]
[Annotator ""]
[Source ""]
[Remark ""]

1.e4 g6 2.d4 Bg7 3.Nc3 c6 4.Be3 d5 5.e5 Nh6 6.h4 Nf5 7.h5 O-O
8.Nf3 c5 9.Qd2 Nc6 10.O-O-O cxd4 11.Nxd4 Nxe3 12.Qxe3 Nxe5 13.Qg3
e6 14.f4 Nc6 15.Nf3 Qf6 16.Bd3 Bd7 17.Kb1 b5 18.Rde1 b4 19.Nd1
Rfc8 20.Ne5 Nxe5 21.fxe5 Qe7 22.hxg6 hxg6 23.Ref1 Be8 24.Qh2
Qg5 25.Qh7+ Kf8 26.Bxg6 Qxe5 27.Rh5 Qe2 28.Bd3 Qd2 29.Rh2 b3
30.axb3 a5 31.g4 Qg5 32.Rh5 Qd2 33.Rh2 Qg5 34.Rh5 Qd2 35.Rh2
Qg5 1/2-1/2

[Event "Master Open"]
[Site "Voronezh"]
[Date "2017.06.18"]
[Round "6.4"]
[White "Bakunts, Rafael"]
[Black "Kryakvin, Dmitry"]
[Result "1/2-1/2"]
[WhiteElo "2397"]
[BlackElo "2572"]
[Annotator ""]
[Source ""]
[Remark ""]

1.e4 {[%clk 1:30:57]} e5 {[%clk 1:30:54]} 2.Nf3 {[%clk 1:31:21]}
Nc6 {[%clk 1:31:20]} 3.Bb5 {[%clk 1:31:44]} Nf6 {[%clk 1:31:42]}
4.O-O {[%clk 1:31:10]} Nxe4 {[%clk 1:32:00]} 5.d4 {[%clk 1:31:28]}
Be7 {[%clk 1:32:15]} 6.Qe2 {[%clk 1:26:12]} Nd6 {[%clk 1:32:33]}
7.Bxc6 {[%clk 1:26:17]} bxc6 {[%clk 1:32:57]} 8.dxe5 {[%clk 1:26:04]}
Nb7 {[%clk 1:33:20]} 9.c4 {[%clk 1:20:23]} O-O {[%clk 1:32:35]}
10.Nc3 {[%clk 1:13:17]} f6 {[%clk 1:32:06]} 11.Bd2 {[%clk 0:57:06]}
fxe5 {[%clk 1:31:55]} 12.Nxe5 {[%clk 0:56:44]} Qe8 {[%clk 1:29:37]}
13.Rae1 {[%clk 0:56:25]} Bf6 {[%clk 1:28:58]} 14.Ng4 {[%clk 0:54:54]}
Qxe2 {[%clk 1:29:17]} 15.Nxf6+ {[%clk 0:54:42]} Rxf6 {[%clk 1:29:37]}
16.Rxe2 {[%clk 0:55:02]} d6 {[%clk 1:29:47]} 1/2-1/2

[Event "Master Open"]
[Site "Voronezh"]
[Date "2017.06.18"]
[Round "6.5"]
[White "Mozharov, Mikhail"]
[Black "Nozdrachev, Leonid"]
[Result "1/2-1/2"]
[WhiteElo "2536"]
[BlackElo "2411"]
[Annotator ""]
[Source ""]
[Remark ""]

1.d4 {[%clk 1:29:08]} Nf6 {[%clk 1:30:49]} 2.c4 {[%clk 1:29:15]}
e6 {[%clk 1:31:11]} 3.Nc3 {[%clk 1:28:19]} Bb4 {[%clk 1:31:35]}
4.e3 {[%clk 1:28:40]} O-O {[%clk 1:31:46]} 5.Bd3 {[%clk 1:28:56]}
d5 {[%clk 1:31:59]} 6.Nf3 {[%clk 1:29:19]} c5 {[%clk 1:32:24]}
7.O-O {[%clk 1:29:36]} Nc6 {[%clk 1:32:40]} 8.a3 {[%clk 1:29:45]}
cxd4 {[%clk 1:29:21]} 9.exd4 {[%clk 1:29:46]} dxc4 {[%clk 1:27:22]}
10.Bxc4 {[%clk 1:30:05]} Be7 {[%clk 1:27:18]} 11.Re1 {[%clk 1:26:44]}
b6 {[%clk 1:09:30]} 12.d5 {[%clk 1:21:27]} Na5 {[%clk 1:08:23]}
13.Ba2 {[%clk 1:21:52]} Nxd5 {[%clk 1:05:31]} 14.Nxd5 {[%clk 1:21:33]}
exd5 {[%clk 1:05:49]} 15.Qxd5 {[%clk 1:21:41]} Be6 {[%clk 0:47:41]}
16.Qxd8 {[%clk 1:21:51]} Rfxd8 {[%clk 0:48:01]} 17.Bxe6 {[%clk 1:21:04]}
fxe6 {[%clk 0:48:29]} 18.Bg5 {[%clk 1:17:00]} Bxg5 {[%clk 0:42:12]}
19.Nxg5 {[%clk 1:17:16]} Nb3 {[%clk 0:39:03]} 20.Rad1 {[%clk 1:17:39]}
Nd4 {[%clk 0:36:43]} 21.Kf1 {[%clk 1:12:39]} h6 {[%clk 0:35:41]}
22.Ne4 {[%clk 1:12:40]} Rac8 {[%clk 0:29:58]} 23.Nc3 {[%clk 1:06:01]}
Kf7 {[%clk 0:29:05]} 24.Rd3 {[%clk 1:04:37]} Nf5 {[%clk 0:24:20]}
25.Rf3 {[%clk 1:03:50]} Kg8 {[%clk 0:20:49]} 26.Rf4 {[%clk 1:01:31]}
Rc6 {[%clk 0:17:35]} 27.Rfe4 {[%clk 0:59:23]} Kf7 {[%clk 0:17:28]}
28.f3 {[%clk 0:52:34]} Rd2 {[%clk 0:13:52]} 29.R1e2 {[%clk 0:52:11]}
Rd3 {[%clk 0:13:41]} 30.Ke1 {[%clk 0:44:57]} g5 {[%clk 0:13:15]}
31.Rd2 {[%clk 0:44:35]} Rxd2 {[%clk 0:10:29]} 32.Kxd2 {[%clk 0:44:57]}
Nd6 {[%clk 0:10:15]} 33.Re2 {[%clk 0:45:00]} Kf6 {[%clk 0:06:14]}
34.Kd3 {[%clk 0:45:11]} Nc4 {[%clk 0:04:55]} 35.Ne4+ {[%clk 0:41:59]}
Kf5 {[%clk 0:04:55]} 36.Kd4 {[%clk 0:38:02]} Nd6 {[%clk 0:04:52]}
37.Ng3+ {[%clk 0:30:07]} Kf6 {[%clk 0:05:11]} 38.Nh5+ {[%clk 0:29:59]}
Kf7 {[%clk 0:04:45]} 39.Kd3 {[%clk 0:26:25]} Nf5 {[%clk 0:04:38]}
40.Ng3 {[%clk 0:56:42]} Nxg3 {[%clk 0:34:05]} 41.hxg3 {[%clk 0:57:08]}
 1/2-1/2